| 000 | 01300nam a22003137a 4500 | ||
|---|---|---|---|
| 999 |
_c15846 _d15846 |
||
| 003 | EG-ScBUE | ||
| 005 | 20210530102723.0 | ||
| 008 | 110815s1982 iq f 000 0 ara d | ||
| 017 | _a607/1982 | ||
| 040 |
_aEG-ScBUE _bara _erda _cEG-ScBUE _dEG-ScBUE |
||
| 041 | 1 |
_aara _heng |
|
| 082 | 0 | 4 |
_a821.912 _bك و ك _222 |
| 100 | 1 |
_926734 _aكوكس، سي. بي.، _d1928-2008، _eمؤلف. |
|
| 245 | 1 | 0 |
_aديلان توماس : _bمجموعة مقالات نقدية / _cبإشراف سي . بي . كوكس ؛ ترجمة إبراهيم جبرا. |
| 264 | 1 |
_a[بغداد] : _bدار الرشيد للنشر، _c1982. |
|
| 300 |
_a279 صفحة ؛ _c24 سم. |
||
| 336 |
_2rdacontent _aنص _btxt |
||
| 337 |
_2rdamedia _aبدون وسيط _bn |
||
| 338 |
_2rdacarrier _aمجلد _bnc |
||
| 490 | 0 |
_aسلسلة الكتب المترجمة ؛ _v115 |
|
| 546 | _aالنص باللغة العربية وتم ترجمته من اللغة الإنجليزية. | ||
| 600 | 1 | 7 |
_aتوماس، ديلان، _d1914-1953. _2BUEsh |
| 650 | 7 |
_916639 _aالشعر الإنجليزي _xتاريخ ونقد. _2BUEsh |
|
| 651 | _2BUEsh | ||
| 653 |
_cAugust2011 _bHHUUEENN |
||
| 655 |
_vReading book _934232 |
||
| 700 | 1 |
_926736 _aجبرا، جبرا إبراهيم، _d1920-1994، _eمترجم. |
|
| 942 |
_2ddc _cBB |
||